Azad Kashmir / (Record no. 21703)
[ view plain ]
| 000 -LEADER | |
|---|---|
| fixed length control field | 00951cam a22002897a 4500 |
| 001 - CONTROL NUMBER | |
| control field | 2538765 |
| 003 - CONTROL NUMBER IDENTIFIER | |
| control field | BDDh-ASL |
| 005 - DATE AND TIME OF LATEST TRANSACTION | |
| control field | 20231015030030.0 |
| 007 - PHYSICAL DESCRIPTION FIXED FIELD--GENERAL INFORMATION | |
| fixed length control field | he|amb---bacp |
| 007 - PHYSICAL DESCRIPTION FIXED FIELD--GENERAL INFORMATION | |
| fixed length control field | he|bmb---baap |
| 008 - FIXED-LENGTH DATA ELEMENTS--GENERAL INFORMATION | |
| fixed length control field | 950112q19501993pk b 000 0 eng |
| 010 ## - LIBRARY OF CONGRESS CONTROL NUMBER | |
| LC control number | 93932521 |
| 025 ## - OVERSEAS ACQUISITION NUMBER | |
| Overseas acquisition number | P-E-016604 |
| 040 ## - CATALOGING SOURCE | |
| Original cataloging agency | DLC |
| Transcribing agency | DLC |
| Modifying agency | BDDh-ASL |
| 042 ## - AUTHENTICATION CODE | |
| Authentication code | lcode |
| 050 00 - LIBRARY OF CONGRESS CALL NUMBER | |
| Classification number | Microfiche 93/58318 |
| 082 ## - DEWEY DECIMAL CLASSIFICATION NUMBER | |
| Classification number | 954.6 |
| Item number | PRA |
| 100 1# - MAIN ENTRY--PERSONAL NAME | |
| Personal name | Bazaz, Prem Nath, |
| Dates associated with a name | 1905-1984. |
| 245 10 - TITLE STATEMENT | |
| Title | Azad Kashmir / |
| Remainder of title | Free Kashmir : a democratic socialist conception / |
| Statement of responsibility, etc. | by Prem Nath Bazaz. |
| 260 ## - PUBLICATION, DISTRIBUTION, ETC. | |
| Place of publication, distribution, etc. | Lahore : |
| Name of publisher, distributor, etc. | Ferozsons, |
| Date of publication, distribution, etc. | 1951. |
| 300 ## - PHYSICAL DESCRIPTION | |
| Extent | 160 p. : |
| Dimensions | 18 cm. |
| 533 ## - REPRODUCTION NOTE | |
| Type of reproduction | Microfiche. |
| Place of reproduction | New Delhi : |
| Agency responsible for reproduction | Library of Congress Office ; |
| Place of reproduction | Washington, D.C. : |
| Agency responsible for reproduction | Library of Congress Photoduplication Service, |
| Date of reproduction | 1994. |
| Physical description of reproduction | -microfiches |
| 740 0# - ADDED ENTRY--UNCONTROLLED RELATED/ANALYTICAL TITLE | |
| Uncontrolled related/analytical title | Free Kashmir. |
| 906 ## - LOCAL DATA ELEMENT F, LDF (RLIN) | |
| a | 7 |
| b | cbc |
| c | origode |
| d | u |
| e | ncip |
| f | 19 |
| g | y-genmicro |
| 942 ## - ADDED ENTRY ELEMENTS (KOHA) | |
| Source of classification or shelving scheme | Dewey Decimal Classification |
| Koha item type | Books |
| Withdrawn status | Lost status | Source of classification or shelving scheme | Damaged status | Not for loan | Collection code | Home library | Current library | Shelving location | Date acquired | Source of acquisition | Total Checkouts | Full call number | Barcode | Date last seen | Copy number | Price effective from | Koha item type | Public note |
|---|---|---|---|---|---|---|---|---|---|---|---|---|---|---|---|---|---|---|
| Dewey Decimal Classification | Non-fiction | Asiatic Society Library | Asiatic Society Library | General Stacks | 02/10/2021 | ASB Library Collections | 954.6 PRA | 105591 | 02/10/2021 | C-1 | 02/10/2021 | Books | RARE |